Practical pharmaceutical chemistry (Record no. 16229)
[ view plain ]
| 000 -LEADER | |
|---|---|
| fixed length control field | 00554nam a22001697a 4500 |
| 008 - FIXED-LENGTH DATA ELEMENTS--GENERAL INFORMATION | |
| fixed length control field | 161103b xxu||||| |||| 00| 0 eng d |
| 020 ## - INTERNATIONAL STANDARD BOOK NUMBER | |
| International Standard Book Number | 8123905149 |
| 040 ## - CATALOGING SOURCE | |
| Original cataloging agency | KABU |
| Transcribing agency | KABU |
| 050 ## - LIBRARY OF CONGRESS CALL NUMBER | |
| Classification number | RS403 |
| Item number | .B43 1988 P.2 C.1 |
| 245 ## - TITLE STATEMENT | |
| Title | Practical pharmaceutical chemistry |
| Statement of responsibility, etc. | edited by A. H. Beckett |
| 250 ## - EDITION STATEMENT | |
| Edition statement | 4th ed. |
| 260 ## - PUBLICATION, DISTRIBUTION, ETC. (IMPRINT) | |
| Place of publication, distribution, etc. | New Delhi |
| Name of publisher, distributor, etc. | CBS publishers & distributors pvt ltd |
| Date of publication, distribution, etc. | 1988 |
| 300 ## - PHYSICAL DESCRIPTION | |
| Extent | 602 p. |
| 700 ## - ADDED ENTRY--PERSONAL NAME | |
| Personal name | Beckett, A. H. |
| 700 ## - ADDED ENTRY--PERSONAL NAME | |
| Personal name | Stenlake, J. B. |
| 942 ## - ADDED ENTRY ELEMENTS (KOHA) | |
| Source of classification or shelving scheme | Library of Congress Classification |
| Koha item type | General Collection |
| Edition | 4th ed. |
| Classification part | RS403 .B43 1988 P.2 C.1 |
| Withdrawn status | Lost status | Source of classification or shelving scheme | Not for loan | Home library | Current library | Shelving location | Date acquired | Cost, normal purchase price | Total Checkouts | Total Renewals | Full call number | Barcode | Date last seen | Date last checked out | Copy number | Price effective from | Koha item type |
|---|---|---|---|---|---|---|---|---|---|---|---|---|---|---|---|---|---|
| Library of Congress Classification | Kabarak, Main Campus | Kabarak, Main Campus | General Stacks | 03/11/2016 | 7550.00 | 6 | 1 | RS403 .B43 1988 P.2 C.1 | 026986 | 05/03/2026 | 31/01/2023 | C.1 | 03/11/2016 | General Collection | |||
| Library of Congress Classification | Kabarak, Main Campus | Kabarak, Main Campus | General Stacks | 03/11/2016 | 7550.00 | 2 | RS403 .B43 1988 P.2 C.2 | 026987 | 11/01/2021 | 16/01/2020 | C.2 | 03/11/2016 | General Collection | ||||
| Library of Congress Classification | Kabarak, Main Campus | Kabarak, Main Campus | General Stacks | 03/11/2016 | 7550.00 | 8 | 1 | RS403 .B43 1988 P.2 C.3 | 026989 | 07/12/2022 | 24/11/2022 | C.3 | 03/11/2016 | General Collection | |||
| Library of Congress Classification | Kabarak, Main Campus | Kabarak, Main Campus | General Stacks | 03/11/2016 | 7550.00 | 8 | RS403 .B43 1988 P.2 C.4 | 026991 | 21/11/2022 | 17/11/2022 | C.4 | 03/11/2016 | General Collection | ||||
| Library of Congress Classification | Kabarak, Main Campus | Kabarak, Main Campus | General Stacks | 03/11/2016 | 7550.00 | 8 | RS403 .B43 1988 P.2 C.5 | 026988 | 17/03/2020 | 05/03/2020 | C.5 | 03/11/2016 | General Collection |